000 00391nam a2200157Ia 4500
008 240824s9999 xx 000 0 und d
020 _a9789391270469
082 _a330
_bFIS
100 _aFisher, Irving
245 0 _aElementary Principles of Economics
_c/ Fisher, Irving
250 _a1st edition
260 _bMaven
_c2022
300 _a570
650 _aEconomics
942 _cENGLISH
999 _c538070
_d538070